000
00292nam a22001217a 4500
008
170609b xxu||||| |||| 00| 0 eng d
041
_a
eng
080
_a
324
100
_a
19
101
_a
shp
245
_a
KENYA THE POLITICS OF PARTICIPATION AND CONTROL
_c
BIENEN.H
942
_2
udc
_c
BK
999
_c
16728
_d
16728